| 000 | 00575cam a2200217ua 4500 | ||
|---|---|---|---|
| 001 | 74 | ||
| 008 | 110316n ii |||gr||||Z||||||eng | ||
| 020 | _a81-7371-6056 | ||
| 040 | _cMAIN | ||
| 082 | _a005.73 | ||
| 245 |
_aFundamentals Of data structures in C. _cBy Ellis Horowitz. |
||
| 250 | _a2nd. | ||
| 260 |
_aHyderabad.: _bUniversity Press., _c2008. |
||
| 300 |
_axvii, 617 p.: _bill.; _c21 cm. |
||
| 653 | _aComputer Science. | ||
| 653 | _aData Structures. | ||
| 700 | _aHorowitz, Ellis., | ||
| 700 | _aSahni, Sartaj., | ||
| 700 | _aFreed, Susan Anderson., | ||
| 942 | _cBK | ||
| 999 |
_c65 _d65 |
||